| 000 | 00928cam a2200313 4500 | ||
|---|---|---|---|
| 001 | L54944 | ||
| 008 | 090401t1992 xxu||||| |||| 00| 0 eng d | ||
| 020 | _a0854065253 | ||
| 035 | _a(Sirsi) u54944 | ||
| 041 | _aeng | ||
| 050 | _a333.332 | ||
| 110 |
_aRoyal Institution of Chartered Surveyors _94900 |
||
| 245 | _aMortgage valuation : guidance for valuers. - 1 June 1992. | ||
| 250 | _aRevised ed. | ||
| 260 |
_aLondon _bRICS Books _c1992 |
||
| 300 | _a(8)p. ; 21x10cm. | ||
| 350 | _a0 | ||
| 520 | _aSUPERSEDED: Replaced by Revised edition amended September 1992. | ||
| 650 | _aGUIDANCE NOTES | ||
| 650 | _aMODEL CONDITIONS OF ENGAGEMENT | ||
| 650 | _aMORTGAGE VALUATIONS | ||
| 650 |
_aRESIDENTIAL PROPERTY _96266 |
||
| 650 | _aRICS | ||
| 650 |
_aValuation _96273 |
||
| 690 | _aRATING AND VALUATION | ||
| 710 |
_aIncorporated Society of Valuers and Auctioneers _91201 |
||
| 942 | _n0 | ||
| 948 | _c04/03/1997 | ||
| 999 |
_c93522 _d93522 |
||